Vista normal Vista MARC
  • Martínez G., Aldemar

Entrada Nombre personal

Número de registros utilizados en: 2

001 - NÚMERO DE CONTROL

  • campo de control: 41871

003 - IDENTIFICADOR DEL NÚMERO DE CONTROL

  • campo de control: OSt

005 - FECHA Y HORA DE LA ÚLTIMA TRANSACCIÓN

  • campo de control: 20200109115221.0

008 - DATOS DE LONGITUD FIJA

  • campo de control de longitud fija: 200109|| aca||aabn | a|a d

040 ## - FUENTE DE LA CATALOGACIÓN

  • Centro catalogador/agencia de origen: OSt
  • Centro/agencia transcriptor: OSt

100 ## - ENCABEZAMIENTO-NOMBRE DE PERSONA

  • Nombre de persona: Martínez G., Aldemar

670 ## - FUENTE DE DATOS ENCONTRADOS

  • Cita de la fuente: Work cat.: (OSt)26550: García N., Jesús A. 37117, Desarrollo de perfiles térmicos en pilas aéreas para carbonización de estípite de palma de aceite, 2009